Singularly perturbed and weakly coupled linear control systems : a recursive approach /
Guardado en:
| Autor Principal: | |
|---|---|
| Otros Autores: | , |
| Formato: | Libro |
| Idioma: | English |
| Publicado: |
Berlin :
Springer-Verlag,
c1990.
|
| Series: | Lecture notes in control and information sciences ;
140 |
| Materias: | |
| Etiquetas: |
Agregar Etiqueta
Sin Etiquetas, Sea el primero en etiquetar este registro!
|
| LEADER | 00923cam a22002415a 4500 | ||
|---|---|---|---|
| 001 | EIQ.libpla001406 | ||
| 008 | 900214s1990####wb#a#####b####001#0#eng#d | ||
| 005 | 20060925171121.0 | ||
| 245 | 1 | 0 | |a Singularly perturbed and weakly coupled linear control systems : |b a recursive approach / |c Z. Gajic, D. Petkovski, X. Shen. |
| 260 | |a Berlin : |b Springer-Verlag, |c c1990. | ||
| 300 | |a vii, 202 p. : |b il. ; |c 25 cm. | ||
| 440 | 0 | |a Lecture notes in control and information sciences ; |v 140 | |
| 504 | |a Incluye referencias (p. 187-197) e índice. | ||
| 020 | |a 0387523332 (U.S.) | ||
| 100 | 1 | |a Gajic, Z. |q (Zoran) | |
| 700 | 1 | |a Petkovski, D. |q (Diordjija), |d 1949- | |
| 700 | 1 | |a Shen, X. |q (Xuemin), |d 1958- | |
| 082 | 0 | 0 | |a 629.8/312 |2 20 |
| 650 | 4 | |a Sistemas de control lineal |x Teoría. | |
| 650 | 4 | |a Linear control systems |x Theory. | |
| 010 | |a 90009555 | ||
| 040 | |a DLC |c DLC |d AR-BbSID | ||
| 859 | |a AR-BbSID |b BIB. PLAPIQUI |h 629.83 |i G 11 |p 3987 | ||
